Alcoholism & homosexuality
| Beteiligte: | |
|---|---|
| Medienart: | Druck Buch |
| Sprache: | Nichtbestimmte Sprache |
| Veröffentlicht: |
New York
Haworth Pr.
1982
|
| In: |
Research on homosexuality (5)
Jahr: 1982 |
| Bestand in Tübingen: | In Tübingen vorhanden. UB: KB 15 A 328 |
| Verfügbarkeit prüfen: | HBZ Gateway |
| Subito Bestelldienst: | Jetzt bestellen. |
| Schlagwörter: |
MARC
| LEADER | 00000cam a22000002c 4500 | ||
|---|---|---|---|
| 001 | 1083952803 | ||
| 003 | DE-627 | ||
| 005 | 20251224220030.0 | ||
| 007 | tu | ||
| 008 | 880420s1982 xx ||||| 00| ||und c | ||
| 035 | |a (DE-627)1083952803 | ||
| 035 | |a (DE-576)013952803 | ||
| 035 | |a (DE-599)BSZ013952803 | ||
| 035 | |a (OCoLC)08475170 | ||
| 035 | |a (DE-604)8064863220 | ||
| 040 | |a DE-627 |b ger |c DE-627 |e rakwb | ||
| 082 | 0 | |a 306.7/66 | |
| 082 | 0 | |a s | |
| 082 | 0 | |a 362.2/92 | |
| 084 | |a MS 6410 |2 rvk |0 (DE-625)rvk/123754: | ||
| 245 | 0 | 0 | |a Alcoholism & homosexuality |c ed.: Thomas O. Ziebold ... |
| 246 | 1 | |i Ansetzungssachtitel |a Alcoholism and homosexuality | |
| 264 | 1 | |a New York |b Haworth Pr. |c 1982 | |
| 300 | |a 107 S. | ||
| 336 | |a Text |b txt |2 rdacontent | ||
| 337 | |a ohne Hilfsmittel zu benutzen |b n |2 rdamedia | ||
| 338 | |a Band |b nc |2 rdacarrier | ||
| 490 | 1 | |a Research on homosexuality |v 5 | |
| 500 | |a Aus: Journal of homosexuality ; 7,4 | ||
| 583 | 1 | |a Archivierung prüfen |c 20200919 |f DE-640 |z 1 |2 pdager | |
| 689 | 0 | 0 | |d s |0 (DE-588)4025798-8 |0 (DE-627)104774800 |0 (DE-576)208962948 |a Homosexualität |2 gnd |
| 689 | 0 | 1 | |d s |0 (DE-588)4001220-7 |0 (DE-627)106398040 |0 (DE-576)208841741 |a Alkoholismus |2 gnd |
| 689 | 0 | |5 (DE-627) | |
| 700 | 1 | |a Ziebold, Thomas O. |e Hrsg. |4 edt | |
| 830 | 0 | |a Research on homosexuality |v 5 |9 5 |w (DE-627)1079050779 |w (DE-576)009050779 |x 0091-8369 |7 am | |
| 936 | r | v | |a MS 6410 |b Sucht, Selbstmord, Tabus, Alkoholismus |k Soziologie |k Spezielle Soziologien |k Soziale Probleme |k Sucht, Selbstmord, Tabus, Alkoholismus |0 (DE-627)1271141701 |0 (DE-625)rvk/123754: |0 (DE-576)201141701 |
| 951 | |a BO | ||
| ELC | |b 1 | ||
| LOK | |0 000 xxxxxcx a22 zn 4500 | ||
| LOK | |0 001 2105658512 | ||
| LOK | |0 003 DE-627 | ||
| LOK | |0 004 1083952803 | ||
| LOK | |0 005 20020606000000 | ||
| LOK | |0 008 880420||||||||||||||||ger||||||| | ||
| LOK | |0 040 |a DE-21 |c DE-627 |d DE-21 | ||
| LOK | |0 852 |a DE-21 | ||
| LOK | |0 852 1 |c KB 15 A 328 |9 00 | ||
| LOK | |0 935 |a krim | ||
| LOK | |0 936ln |a k9.5.2 | ||
| LOK | |0 939 |a 20-04-88 |b l01 | ||
| ORI | |a SA-MARC-krimdoka001.raw | ||
| SIG | |a UB: KB 15 A 328 | ||
